Statistics for NCAA Women's Basketball Final Four Locations

Click here to take the quiz!

General Stats

  • This quiz has been taken 238 times
    (157 since last reset)
  • The average score is 24 of 38

Answer Stats

YearAnswer% Correct
1992Los Angeles, CA
87%
1984Los Angeles, CA
87%
2003Atlanta, GA
86%
1993Atlanta, GA
86%
2017Dallas, TX
86%
2005Indianapolis, IN
83%
2016Indianapolis, IN
83%
2011Indianapolis, IN
83%
1991New Orleans, LA
83%
2004New Orleans, LA
83%
2013New Orleans, LA
83%
2010San Antonio, TX
78%
2002San Antonio, TX
78%
1996Charlotte, NC
73%
1995Minneapolis, MN
71%
2014Nashville, TN
71%
2008Tampa, FL
71%
2015Tampa, FL
71%
2019Tampa, FL
71%
2012Denver, CO
70%
2006Boston, MA
69%
2007Cleveland, OH
66%
2000Philadelphia, PA
66%
2018Columbus, OH
62%
2009St. Louis, MO
61%
2001St. Louis, MO
61%
1998Kansas City, MO
58%
1987Austin, TX
55%
1985Austin, TX
55%
1997Cincinnati, OH
55%
1990Knoxville, TN
43%
1994Richmond, VA
40%
1999San Jose, CA
38%
1986Lexington, KY
36%
1983Norfolk, VA
25%
1982Norfolk, VA
25%
1989Tacoma, WA
18%
1988Tacoma, WA
18%

Score Distribution

Percentile by Number Answered

Percent of People with Each Score

Your Score History

You have not taken this quiz since the last reset